|
|
|
|
| LEADER |
00000nab a2200000 a 4500 |
| 001 |
vtls000510046 |
| 003 |
SK-MaSNL |
| 005 |
20260318124918.0 |
| 008 |
160202c1994 xo 0 hun |
| 015 |
|
|
|a SNBRB19rr/mm-uuuuu
|
| 035 |
|
|
|a CL0510184
|
| 040 |
|
|
|a SNKBUCL
|b slo
|c SNKBUCL
|e AACR2
|
| 041 |
0 |
|
|a hun
|
| 044 |
|
|
|a xo
|c SK
|
| 080 |
|
|
|a 328.1(437.6)
|2 1981
|
| 080 |
|
|
|a 801.311(437.6)
|2 1981
|
| 100 |
1 |
|
|a Duka Zólyomi, Árpád,
|d 1941-2013
|4 aut
|9 104454
|
| 245 |
1 |
0 |
|a Holtponton a községnevek?
|b Parlamenti levél
|c Árpád Duka Zólyomi
|
| 610 |
1 |
7 |
|a Slovensko.
|b Národná rada
|2 SNKKA
|9 165573
|
| 650 |
0 |
7 |
|a ojkonymá
|2 SNKPH
|9 239133
|
| 650 |
0 |
7 |
|a dvojjazyčné názvy
|2 SNK
|9 1223891
|
| 655 |
|
7 |
|a články z novín a časopisov
|2 SNK
|9 267496
|
| 773 |
0 |
|
|t Új szó
|g Roč. 47, č. 25 (1. 2. 1994), s. 3
|
| 850 |
|
|
|a Slovenská národná knižnica v Martine
|a DSG001
|
| 852 |
|
|
|a SNK
|b KIS3GCP
|
| 958 |
|
|
|a RK
|
| 958 |
|
|
|a HU
|
| 992 |
|
|
|a RBX
|
| 999 |
|
|
|c 2594612
|d 2596542
|